Electronics : (Record no. 189266)

000 -LEADER
fixed length control field 00686 a2200229 4500
003 - CONTROL NUMBER IDENTIFIER
control field Nust
005 - DATE AND TIME OF LATEST TRANSACTION
control field 20221212114112.0
010 ## - LIBRARY OF CONGRESS CONTROL NUMBER
LC control number 2011411325
020 ## - INTERNATIONAL STANDARD BOOK NUMBER
International Standard Book Number 9780080966342
040 ## - CATALOGING SOURCE
Transcribing agency Nust
082 ## - DEWEY DECIMAL CLASSIFICATION NUMBER
Classification number 621.3822,BIS
100 1# - MAIN ENTRY--PERSONAL NAME
Personal name Bishop, O. N.
9 (RLIN) 103636
245 10 - TITLE STATEMENT
Title Electronics :
Remainder of title circuits and systems /
Statement of responsibility, etc. Owen Bishop.
250 ## - EDITION STATEMENT
Edition statement 4th ed.
260 ## - PUBLICATION, DISTRIBUTION, ETC.
Place of publication, distribution, etc. Amsterdam ;
-- Boston :
Name of publisher, distributor, etc. Newnes,
Date of publication, distribution, etc. 2011.
300 ## - PHYSICAL DESCRIPTION
Extent ix, 370 p. :
Other physical details ill. ;
Dimensions 28 cm.
505 ## - FORMATTED CONTENTS NOTE
Formatted contents note Circuits (Page-1), Systems (Page-215), Microelectronic systems (Page-295), Supplements (Page-353).
650 #0 - SUBJECT ADDED ENTRY--TOPICAL TERM
Topical term or geographic name entry element Electronic circuits
650 #0 - SUBJECT ADDED ENTRY--TOPICAL TERM
Topical term or geographic name entry element Electronic systems
9 (RLIN) 60675
650 #0 - SUBJECT ADDED ENTRY--TOPICAL TERM
Topical term or geographic name entry element Electronics
942 ## - ADDED ENTRY ELEMENTS (KOHA)
Source of classification or shelving scheme
Koha item type Book
Holdings
Withdrawn status Lost status Source of classification or shelving scheme Damaged status Not for loan Permanent Location Current Location Shelving location Date acquired Full call number Barcode Date last seen Price effective from Koha item type Public note
          Military College of Signals (MCS) Military College of Signals (MCS) General Stacks 12/12/2016 621.3822,BIS MCS35041 12/08/2016 12/12/2016 Book Almirah No.36, Shelf No.2
© 2023 Central Library, National University of Sciences and Technology. All Rights Reserved.